Perspektívy vývoja vzťahov a spolupráce EÚ a NATO diplomová práca

Guardado en:
Detalles Bibliográficos
Autor principal: Škvarna, Milan
Autor Corporativo: Fakulta medzinárodných vzťahov EU. Katedra medzinárodných politických vzťahov
Otros Autores: Adašková, Daša
Formato: Libro
Lenguaje:eslovaco
Publicado: Bratislava 2016
Etiquetas: Agregar Etiqueta
Sin Etiquetas, Sea el primero en etiquetar este registro!

MARC

LEADER 00000nbm a2200000 4500
001 0221462
005 20170131130340.1
041 0 |a slo 
044 |a SK 
245 1 0 |a Perspektívy vývoja vzťahov a spolupráce EÚ a NATO  |b diplomová práca  |c Milan Škvarna ; školiteľ: Daša Adašková 
264 1 |a Bratislava  |c 2016 
300 |a 82 s. 
100 1 |a Škvarna, Milan 
700 1 |a Adašková, Daša 
710 2 |a Fakulta medzinárodných vzťahov EU. Katedra medzinárodných politických vzťahov